[Event "Catalunya-ch (Women)"]
[Site "Girona"]
[Date "2009.12.27"]
[Round "1"]
[White "Marin Benito, Carla"]
[Black "Terrones Launes, Xenia"]
[Result "1-0"]
[WhiteElo "1792"]
[BlackElo "1473"]
[PlyCount "71"]
[EventDate "2009.12.27"]
[EventType "swiss"]
[EventRounds "6"]
[EventCountry "ESP"]
[SourceTitle "EXT 2019"]
[Source "ChessBase"]
[SourceDate "2018.10.10"]
[SourceVersion "1"]
[SourceVersionDate "2018.10.10"]
[SourceQuality "1"]

1. e4 c6 2. d4 d5 3. Nc3 dxe4 4. Nxe4 Bf5 5. Ng3 Bg6 6. h4 h6 7. Nf3 Nd7 8. Bd3 Bxd3 9. Qxd3 Ngf6 10. Bf4 e6 11. 0-0-0 Be7 12. Ne4 Nxe4 13. Qxe4 Nf6 14. Qd3 Qa5 15. Kb1 0-0 16. Ne5 c5 17. Qf3 Qb5 18. g4 cxd4 19. Rxd4 Rfd8 20. Rxd8+ Rxd8 21. g5 Bd6 22. Rd1 Bc7 23. Rxd8+ Bxd8 24. gxf6 Bxf6 25. Qd3 Qb6 26. Be3 Qa5 27. Nf3 a6 28. Bd4 Bxh4 29. Bc3 Qh5 30. Nxh4 Qxh4 31. Qe3 Qh1+ 32. Qe1 Qf3 33. b3 h5 34. Kb2 h4 35. Qg1 g6 36. Qh2 1-0